Calculus / (Record no. 180016)
[ view plain ]
| 000 -LEADER | |
|---|---|
| fixed length control field | 01157 a2200217 4500 |
| 003 - CONTROL NUMBER IDENTIFIER | |
| control field | Nust |
| 005 - DATE AND TIME OF LATEST TRANSACTION | |
| control field | 20221118101619.0 |
| 010 ## - LIBRARY OF CONGRESS CONTROL NUMBER | |
| LC control number | 72013762 |
| 020 ## - INTERNATIONAL STANDARD BOOK NUMBER | |
| International Standard Book Number | 0393093506 |
| 040 ## - CATALOGING SOURCE | |
| Transcribing agency | Nust |
| 082 00 - DEWEY DECIMAL CLASSIFICATION NUMBER | |
| Classification number | 515,GIL |
| 100 1# - MAIN ENTRY--PERSONAL NAME | |
| Personal name | Gillman, Leonard. |
| 9 (RLIN) | 103018 |
| 245 10 - TITLE STATEMENT | |
| Title | Calculus / |
| Statement of responsibility, etc. | Leonard Gillman [and] Robert H. McDowell. |
| 250 ## - EDITION STATEMENT | |
| Edition statement | [1st ed.] |
| 260 ## - PUBLICATION, DISTRIBUTION, ETC. | |
| Place of publication, distribution, etc. | New York, |
| Name of publisher, distributor, etc. | Norton |
| Date of publication, distribution, etc. | [1973] |
| 300 ## - PHYSICAL DESCRIPTION | |
| Extent | 674 p. |
| Other physical details | illus. |
| Dimensions | 24 cm. |
| 505 ## - FORMATTED CONTENTS NOTE | |
| Formatted contents note | 1. Numbers and functions (Page-1), 2. Limits and continuity (Page-58), 3. The derivative (Page-87), 4. Applications of the derivatives (Page-139), 5. The integral (Page-175), 6. Applications of the integral (Page-217), 7. Logarithm and exponential (Page-272), 8. The trignometric functions (Page-298), 9. Vectors in the plane (Page-346), 10. Polar coordinates (Page-404), 11. Space coordinates,vectors and curves (Page-427), 12. Functions of several variables (Page-467), 13. Partial derivatives (Page-483), 14. Multiple integrals (Page-535), 15. Infinite series (Page-586), 16. Differential equations (Page-643). |
| 650 #0 - SUBJECT ADDED ENTRY--TOPICAL TERM | |
| Topical term or geographic name entry element | Calculus. |
| 700 1# - ADDED ENTRY--PERSONAL NAME | |
| Personal name | McDowell, Robert H., |
| 9 (RLIN) | 103019 |
| 942 ## - ADDED ENTRY ELEMENTS (KOHA) | |
| Source of classification or shelving scheme | |
| Koha item type | Book |
| Call number prefix | 515,GIL |
| Withdrawn status | Lost status | Source of classification or shelving scheme | Damaged status | Not for loan | Permanent Location | Current Location | Shelving location | Date acquired | Full call number | Barcode | Date last seen | Price effective from | Koha item type | Public note |
|---|---|---|---|---|---|---|---|---|---|---|---|---|---|---|
| Military College of Signals (MCS) | Military College of Signals (MCS) | General Stacks | 12/12/2016 | 515,GIL | MCS5210 | 12/08/2016 | 12/12/2016 | Book | Almirah No.11, Shelf No.6 | |||||
| Military College of Signals (MCS) | Military College of Signals (MCS) | General Stacks | 12/12/2016 | 515,GIL | MCS7126 | 12/08/2016 | 12/12/2016 | Book | Almirah No.82, Shelf No.3 |
